000 01032nac a22002891i 4500
003 EG-ScBUE
005 20251207102542.0
008 250817s1995 stka f b 001 0 eng d
020 _a0751402230
020 _a9780751402230
040 _aEG-ScBUE
_beng
_erda
_cEG-ScBUE
_dEG-ScBUE
082 0 4 _a547.7815
_bSUC
_222
245 0 0 _aSucrose :
_bproperties and applications /
_cedited by M. Mathlouthi, Faculté des Sciences, Université de Reims Champagne-Ardenne, and P. Reiser, CEDUS, Paris.
250 _aFirst edition.
264 1 _aGlasgow :
_bBlackie Academic & Professional,
_c1995.
300 _axiv, 294 pages :
_billustrations ;
_c25 cm
336 _2rdacontent
_atext
_btxt
337 _aunmediated
_2rdamedia
_bn
338 _avolume
_bnc
_2rdacarrier
504 _aIncludes bibliographical references and index.
650 7 _aSucrose.
_2BUEsh
650 7 _aSucrose
_xAnalysis.
_2BUEsh
655 _vReading book
700 1 _aMathlouthi, M.
_q(Mohammed),
_eeditor.
700 1 _aReiser, P.,
_eeditor.
942 _cBB
_2ddc
999 _c7241
_d7241